Statistics for Religions by Country of Origin Quiz

Click here to take the quiz!

General Stats

  • This quiz has been taken 48,675 times
    (38,534 since last reset)
  • The average score is 16 of 24

Answer Stats

ReligionCountry% Correct
ChristianityIsrael
96%
HinduismIndia
93%
BuddhismIndia
89%
MormonismUnited States
88%
Catholicism †Italy
87%
IslamSaudi Arabia
86%
Zen BuddhismChina
84%
Christian ScienceUnited States
84%
TaoismChina
81%
ScientologyUnited States
81%
ShintoJapan
81%
RastaJamaica
76%
ConfucianismChina
76%
LutheranismGermany
74%
MethodismUnited Kingdom
71%
Eastern Orthodox †Turkey
58%
PresbyterianismUnited Kingdom
57%
Falun GongChina
48%
ZoroastrianismIran
47%
WiccaUnited Kingdom
44%
CalvinismSwitzerland
32%
Cao DaiVietnam
32%
MennonitesThe Netherlands
25%
CheondoismSouth Korea
21%

Score Distribution

Percentile by Number Answered

Percent of People with Each Score

Your Score History

You have not taken this quiz since the last reset